Marketing research (Record no. 82673)
[ view plain ]
| 000 -LEADER | |
|---|---|
| fixed length control field | 00671nam a2200169 a 4500 |
| 008 - FIXED-LENGTH DATA ELEMENTS--GENERAL INFORMATION | |
| fixed length control field | 120416s1982 ||||||||||||||||| || u |
| 020 ## - INTERNATIONAL STANDARD BOOK NUMBER | |
| International Standard Book Number | 0835942694 |
| 050 ## - LIBRARY OF CONGRESS CALL NUMBER | |
| Classification number | HF 5415.2 Kre |
| 100 ## - MAIN ENTRY--PERSONAL NAME | |
| Personal name | Kress, George |
| 245 10 - TITLE STATEMENT | |
| Title | Marketing research |
| 250 ## - EDITION STATEMENT | |
| Edition statement | 2nd ed. |
| 260 ## - PUBLICATION, DISTRIBUTION, ETC. | |
| Place of publication, distribution, etc. | Reston, Virginia |
| Name of publisher, distributor, etc. | Reston |
| Date of publication, distribution, etc. | 1982 |
| 300 ## - PHYSICAL DESCRIPTION | |
| Extent | xiv, 427p. : ill. |
| 350 ## - | |
| -- | 0.00 |
| 995 ## - | |
| -- | MAIN LIBRARY OPEN ACCESS |
| -- | 0.00 |
| -- | 709274 |
| -- | CBU-MAIN LIBRARY (Kitwe) |
| -- | 2 |
| -- | 28.85 |
| -- | HF 5415.2 Kre |
| -- | AVAILABLE |
| -- | 005685 |
| -- | Main Library Open Access Collection |
| 995 ## - | |
| -- | BINDERY (DAMAGED) |
| -- | 0.00 |
| -- | 005686 |
| -- | CBU-MAIN LIBRARY (Kitwe) |
| -- | 1 |
| -- | 28.85 |
| -- | HF 5415.2 Kre |
| -- | DAMAGED |
| -- | 005686 |
| -- | Main Library Open Access Collection |
| 999 ## - | |
| -- | 82673 |
| -- | 82673 |
| Withdrawn status | Lost status | Source of classification or shelving scheme | Damaged status | Not for loan | Permanent Location | Current Location | Shelving location | Date acquired | Total Checkouts | Full call number | Barcode | Date last seen | Copy number | Price effective from | Koha item type |
|---|---|---|---|---|---|---|---|---|---|---|---|---|---|---|---|
| CBU-MAIN LIBRARY, KITWE. | CBU-MAIN LIBRARY, KITWE. | 09/29/2023 | HF 5415.2 Kre | 005685 | 09/29/2023 | 1 | 09/29/2023 | MONOGRAPH | |||||||
| CBU-MAIN LIBRARY, KITWE. | CBU-MAIN LIBRARY, KITWE. | 09/29/2023 | HF 5415.2 Kre | 005686 | 09/29/2023 | 2 | 09/29/2023 | MONOGRAPH |